000 00602nam a2200217Ia 4500
003 OSt
005 20220923211717.0
006 a|||||r|||| 00| 0
007 ta
008 Pun
024 _a43,348
037 _cTextual
040 _aARTS
_cARTS
_bPun
041 _2Pun
_aPun
082 _aO153m2'N52, J8
100 _aਅਜਾਇਬ ਚਿਤ੍ਰਕਾਰ
245 0 _aਸਾਹਿਤ ਸਮਾਚਾਰ
_b ਗੁਰਬ॥F ਸਿੰਘ ਅੰਕ
260 _c1958
942 _hO153m2'N52, J8
_cTEXL
_2CC
999 _c302806
_d302806